ბათუმის შოთა რუსთაველის სახელმწიფო უნივერსიტეტის ბიბლიოთეკა

თავის ტვინის რეტიკულური ფორმაცია : (ბიბ.ჩანაწერი № 61917)

000 -ლიდერი
ფიქსირებული სიგრძის საკონტროლო ველი 01896nam a22002537a 4500
003 - საკონტროლო ნომრის იდენტიფიკატორი
საკონტროლო ველი Ge_BSU
005 - ბოლო ოპერაციის თარიღი და დრო
საკონტროლო ველი 20240607161713.0
008 - ფიქსირებული სიგრძის მონაცემთა ელემენტები - ზოგადი ინფორმაცია
ფიქსირებული სიგრძის საკონტროლო ველი 240607s1963 ge ||||| |||| 00| 0 geo d
041 ## - ენის კოდი
Language code of text/sound track or separate title geo
080 ## - უნივერსალური ათობითი კლასიფიკაციის ინდექსი
Universal Decimal Classification number 611.81+616.831 ჩ-84
100 ## - მთავარი ჩანაწერი - პიროვნების სახელი
Personal name ჩუბინიძე, ალექსანდრე
9 (RLIN) 22365
245 ## - ცნობა სათაურის შესახებ
Title თავის ტვინის რეტიკულური ფორმაცია :
Remainder of title ნორმალური და პათოლოგიური მორფოლოგიის ზოგიერთი საკითხი /
Statement of responsibility, etc ალექსანდრე ჩუბინიძე; [რედ.: პ. სარაჯიშვილი]; საქ. სსრ მეცნ. აკად., კლინიკ. და ექსპერიმ. ნევროლოგიის ინ-ტი.
264 ## - წარმოების, გამოცემის, დისტრიბუციის და სხვა ცნობები
გამოცემის, წარმოების, დისტრიბუციის... ადგილი თბილისი :
გამოცემის, წარმოების, დისტრიბუციის... სახელწოდება საქ. სსრ მეცნ. აკად. გამ-ბა,
გამოცემის, წარმოების, დისტრიბუციის... თარიღი 1963.
300 ## - ფიზიკური აღწერა
Extent 107 გვ. :
Other physical details 14 ფ. ილ. ;
Dimensions 21 სმ
501 ## - შენიშვნა თანმხლებ მასალაზე
With note პარალელური თავფურცელი რუსულ ენაზე.
504 ## - BIBLIOGRAPHY, ETC. NOTE
Bibliography, etc ბიბლიოგრაფია: გვ.96-106.
520 ## - SUMMARY, ETC.
Summary, etc რეზუმე რუსულ ენაზე
653 ## - INDEX TERM--UNCONTROLLED
Uncontrolled term თავის ტვინის რეტიკულური ფორმაცია
653 ## - INDEX TERM--UNCONTROLLED
Uncontrolled term თავის ტვინის პათოლოგიური მორფოლოგია
653 ## - INDEX TERM--UNCONTROLLED
Uncontrolled term მედიცინა
700 ## - ADDED ENTRY--PERSONAL NAME
Personal name სარაჯიშვილი, პ.
Relator term რედაქტორი
9 (RLIN) 22366
710 ## - ADDED ENTRY--CORPORATE NAME
Corporate name or jurisdiction name as entry element საქართველოს სსრ მეცნიერებათა აკადემია კლინიკური და ექსპერიმენტული ნევროლოგიის ინსტიტუტი.
9 (RLIN) 22367
942 ## - ADDED ENTRY ELEMENTS (KOHA)
Source of classification or shelving scheme
Koha item type წიგნი
ეგზემპლარები
ჩამოწერის სტატუსი დაკარგული ეგზემპლარის სტატუსი კლასიფიკაციის წყარო ან თაროზე გაწყობის სქემა დაზიანების სტატუსი არ გაიცემა მუდმივი მდებარეობა (დაცვის ადგილი) ამჟამინდელი ადგილსამყოფელი თაროზე განთავსების ადგილი შეძენის თარიღი ღირებულება, შესყიდვის ნორმალური ფასი სრული შენახვის შიფრი შტრიხკოდი ბოლო ოპერაციის თარიღი ეგზემპლარის მიმდევრობითი ნომერი (კეტერი?) ფასის ძალაში შესვლის თარიღი ეგზემპლარის სახეობა საჯარო შენიშვნა
          ბათუმის შოთა რუსთაველის სახელმწიფო უნივერსიტეტის მთავარი ბიბლიოთეკა ბათუმის შოთა რუსთაველის სახელმწიფო უნივერსიტეტის მთავარი ბიბლიოთეკა წიგნსაცავი 2024-06-07 1.46 611.81+616.831 ჩ-84 68068 2024-06-07 68068 2024-06-07 წიგნი 1 ლ. 46 თ.